|
|
|
|
| LEADER |
00000nas a2200000 i 4500 |
| 001 |
ssj0002213288 |
| 003 |
WaSeSS |
| 005 |
20200512172242.0 |
| 006 |
m d |
| 007 |
cr n |
| 008 |
170613c20109999cauuu s | a0eng c |
| 010 |
|
|
|a 2018201675
|
| 022 |
|
|
|a 2578-9627
|
| 035 |
|
|
|a (WaSeSS)ssj0002213288
|
| 040 |
|
|
|a CUS
|b eng
|e pn
|c CUS
|d CUS
|d DLC
|d OCLCQ
|d DLC
|d VT2
|d WaSeSS
|
| 042 |
|
|
|a pcc
|a nsdp
|
| 043 |
|
|
|a n-us-ca
|
| 050 |
0 |
0 |
|a GV1580
|
| 050 |
|
4 |
|a GV1589
|
| 082 |
0 |
0 |
|a 792.8
|2 23
|
| 222 |
|
0 |
|a Dance major journal
|b (Online)
|
| 245 |
0 |
0 |
|a Dance major journal
|h [electronic resource].
|
| 260 |
|
|
|a [Irvine, Calif.] :
|b Dance Dept., University of California, Irvine
|
| 362 |
1 |
|
|a Print began with Inaugural issue (May 2010).
|
| 500 |
|
|
|a "Dance writing by dance majors."
|
| 506 |
|
|
|a License restrictions may limit access.
|
| 588 |
|
|
|a Description based on: Volume 4, issue 1 (2016); title from caption (escholarship.org, viewed June 29, 2018).
|
| 588 |
|
|
|a Latest issue consulted: Volume 5, issue 1 (2017) (eScholarship, viewed June 29, 2018).
|
| 610 |
2 |
0 |
|a University of California, Irvine.
|b Dance Department
|v Periodicals.
|
| 610 |
2 |
7 |
|a University of California, Irvine.
|b Dance Department.
|2 fast
|0 (OCoLC)fst01981257
|
| 650 |
|
0 |
|a Dance
|v Periodicals.
|
| 650 |
|
0 |
|a Dance
|x Study and teaching (Higher)
|z California
|v Periodicals.
|
| 650 |
|
7 |
|a Dance.
|2 fast
|0 (OCoLC)fst00887402
|
| 650 |
|
7 |
|a Dance
|x Study and teaching (Higher)
|2 fast
|0 (OCoLC)fst00887482
|
| 651 |
|
7 |
|a California.
|2 fast
|0 (OCoLC)fst01204928
|
| 655 |
|
0 |
|a Electronic journals.
|
| 710 |
2 |
|
|a University of California, Irvine.
|b Dance Department.
|
| 776 |
0 |
8 |
|i Print version, -2012:
|t Dance major journal
|w (DLC) 2012248004
|w (OCoLC)779966586
|
| 850 |
|
|
|a DLC
|
| 856 |
4 |
0 |
|z Full text available from Research Library: 01/01/2016 to present
|u https://search.proquest.com/publication/4397038
|